Statistics for 73 Countries that don't share any borders

Click here to take the quiz!

General Stats

  • This quiz has been taken 267 times
    (70 since last reset)
  • The average score is 52 of 73

Answer Stats

Answer % Correct
Canada
94%
Portugal
89%
Haiti
89%
United Kingdom
87%
Lesotho
86%
Papua New Guinea
81%
Morocco
79%
San Marino
79%
Chile
79%
Ecuador
79%
Sweden
79%
Eswatini
78%
Republic of the Congo
78%
Yemen
78%
Brunei
78%
Nepal
78%
Vietnam
76%
United Arab Emirates
76%
Chad
76%
South Korea
75%
Belize
75%
Qatar
75%
Vatican City
75%
Estonia
75%
Bhutan
75%
Gambia
73%
Tunisia
73%
Suriname
73%
Denmark
73%
Panama
73%
Moldova
71%
Mali
71%
Andorra
71%
Egypt
71%
Benin
71%
Venezuela
71%
Czech Republic
71%
Tajikistan
70%
Liechtenstein
70%
Paraguay
70%
Monaco
70%
East Timor
68%
Uruguay
68%
Namibia
68%
Thailand
68%
Mongolia
68%
Uganda
68%
Iran
68%
Somalia
68%
Ghana
68%
Sierra Leone
67%
Luxembourg
67%
Jordan
67%
Netherlands
67%
Burundi
67%
Kosovo
67%
Kazakhstan
67%
Belarus
65%
Bangladesh
65%
Bulgaria
65%
El Salvador
65%
Bosnia and Herzegovina
63%
Zimbabwe
63%
Malawi
63%
Guinea-Bissau
62%
Georgia
62%
Kuwait
62%
Slovenia
62%
Nicaragua
62%
Eritrea
60%
Sri Lanka
57%
Lebanon
57%
Equatorial Guinea
56%

Score Distribution

Percentile by Number Answered

Percent of People with Each Score

Your Score History

You have not taken this quiz since the last reset